000 00560nam a2200217Ia 4500
003 OSt
005 20220926042812.0
006 a|||||r|||| 00| 0
007 ta
008 220923b |||||||| |||| 00| 0 eng d
037 _cGeneral Book
040 _aRTL
_cRTL
_beng
041 _2eng
_aeng
082 _aX9(J).192.N6, K0
100 _aKool Rudolf
245 0 _aTropical agriculture and economic development
260 _c1960
650 _aIndustry
942 _hX9(J).192.N6, K0
_cGB
_2CC
999 _c670589
_d670589